Premium Star Hotels, Jaroslav Kubaľa

Rozhovor s Jaroslavom Kubaľom, CEO hotelovej skupiny Premium Star Hotels. Hotely riadi v Chorvátsku, aj na Slovensku. Život, aj ľudí má rád na obidvoch stranách hotelových služieb.

Salvato in:
Dettagli Bibliografici
Autore principale: Kramárová, Zlatica
Natura: Capitolo di libro
Lingua:slovacco
Soggetti:
Tags: Aggiungi Tag
Nessun Tag, puoi essere il primo ad aggiungerne!!

MARC

LEADER 00000naa a2200000 4500
001 0289290
005 20240417075220.9
041 0 |a slo 
044 |a SK 
245 1 0 |a Premium Star Hotels, Jaroslav Kubaľa  |c Zlatica Kramárová 
520 |a Rozhovor s Jaroslavom Kubaľom, CEO hotelovej skupiny Premium Star Hotels. Hotely riadi v Chorvátsku, aj na Slovensku. Život, aj ľudí má rád na obidvoch stranách hotelových služieb. 
610 2 0 |a hotelierstvo 
610 2 0 |a hotely 
610 2 0 |a rozhovor 
610 2 0 |a Slovensko 
610 2 0 |a Chorvátsko 
610 2 0 |a ruch cestovný 
100 1 |a Kramárová, Zlatica